000 00456nam a22001697a 4500
003 GBCCL
005 20251203121850.0
008 180704b ||||| |||| 00| 0 eng d
040 _cgbc
082 _a225.595
_bMAN 1
245 _aThe New Testament (Manipuri)
250 _aRe-edited text
260 _aBangalore:
_bBible Society of India,
_c1980
300 _a567 p.;
_bmap.,
_c22 cm.
650 _aBible
_vNew Testament
_xManipuri
_912343
942 _2ddc
_cREF
999 _c6928
_d6928